| 000 | 00425nam a22001577a 4500 | ||
|---|---|---|---|
| 020 | _a978-93-80634-14-2 | ||
| 082 |
_aS 294.592 1 _bRAM/V |
||
| 100 | _aRamasanker Tripadi | ||
| 245 |
_aVaidik vangmay ke alok mem samskar - meemamsa/ _cby Ramasanker Tripadi |
||
| 260 |
_aIlahabad: _bAkshayavat Prakasan, _c2016. |
||
| 300 | _a976p. | ||
| 650 | _aVedic Literature | ||
| 650 | _aHinduism | ||
| 650 | _aReligion | ||
| 942 | _cBK | ||
| 999 |
_c62953 _d62953 |
||